Student finance : the contribution of the long vacation (Record no. 77453)
[ view plain ]
| 000 -CABECERA | |
|---|---|
| campo de control de longitud fija | 00739nam a2200277 a 4500 |
| 005 - FECHA Y HORA DE LA ÚLTIMA TRANSACCIÓN | |
| campo de control | 20210219153447.0 |
| 008 - ELEMENTOS DE LONGITUD FIJA--INFORMACIÓN GENERAL | |
| campo de control de longitud fija | 991125n 000 0 u |
| 035 ## - NÚMERO DE CONTROL DEL SISTEMA | |
| Número de control de sistema | UPN01000101117 |
| 100 ## - ASIENTO PRINCIPAL--NOMBRE PERSONAL | |
| Nombre de persona | GHOSH, D. |
| 222 ## - TÍTULO CLAVE | |
| Título clave | HIGHER EDUCATION REVIEW |
| 245 ## - MENCIÓN DE TÍTULO | |
| Título | Student finance : the contribution of the long vacation |
| 300 ## - DESCRIPCIÓN FÍSICA | |
| Extensión | 45-56 |
| 362 ## - FECHAS DE PUBLICACIÓN Y/O DESIGNACIÓN SECUENCIAL | |
| Fecha de publicación y/o designación secuencial | 1992 25, No. 1, 1992 |
| 505 ## - NOTA DE CONTENIDO CON FORMATO PREESTABLECIDO | |
| Nota de contenido con formato | Abril 1993 |
| 653 0# - TERMINO DE INDIZACION - NO CONTROLADO | |
| Término no controlado | BECAS |
| 653 0# - TERMINO DE INDIZACION - NO CONTROLADO | |
| Término no controlado | EDUCACION SUPERIOR |
| 653 0# - TERMINO DE INDIZACION - NO CONTROLADO | |
| Término no controlado | ESTUDIANTE TRABAJADOR |
| 653 0# - TERMINO DE INDIZACION - NO CONTROLADO | |
| Término no controlado | FINANCIAMIENTO EDUCATIVO |
| 653 0# - TERMINO DE INDIZACION - NO CONTROLADO | |
| Término no controlado | LISTAS ESCOLARES |
| 653 0# - TERMINO DE INDIZACION - NO CONTROLADO | |
| Término no controlado | MODELOS DE EMPLEO |
| 653 0# - TERMINO DE INDIZACION - NO CONTROLADO | |
| Término no controlado | PAYING FOR COLLEGE |
| 653 0# - TERMINO DE INDIZACION - NO CONTROLADO | |
| Término no controlado | VACACIONES |
| 700 ## - ASIENTO SECUNDARIO--NOMBRE DE PERSONAL | |
| Nombre de persona | MALLIER, Tony |
| 904 ## - ELEMENTOS DE DATOS D LOCAL, LDD (RLIN) | |
| a | AC |
| b | 038928 |
| 905 ## - TIPO DE MATERIAL | |
| Tipo de material | Articulo |
No items available.
